|
|
|
|
| LEADER |
00000nab a2200000 a 4500 |
| 001 |
vtls000887855 |
| 003 |
SK-MaSNL |
| 005 |
20260318132626.0 |
| 008 |
040806c2004 xo 0 hun |
| 015 |
|
|
|a SNBRB2004/10-ccccc
|
| 035 |
|
|
|a CLN000239290
|
| 040 |
|
|
|a SNKBUCL
|b slo
|c SNKBUCL
|e AACR2
|
| 041 |
0 |
|
|a slo
|
| 044 |
|
|
|a xo
|c SK
|
| 080 |
|
|
|a 372.881.116.24:373.54(437.6)(=511.141)
|2 UDC-MRF-SK2
|
| 080 |
|
|
|a 373.54(437.6)(=511.141)
|2 UDC-MRF-SK2
|
| 080 |
|
|
|a 371.671:811.162.4
|2 UDC-MRF-SK2
|
| 080 |
|
|
|a 371.311:811.162.4
|2 UDC-MRF-SK2
|
| 080 |
|
|
|a 811.162.4
|2 UDC-MRF-SK2
|
| 100 |
1 |
|
|a Vályi Horváth, Erika,
|d 1978-
|4 aut
|4 ivr
|9 173113
|
| 245 |
1 |
0 |
|a Új könyvek, új módszerek
|b a tanulók túlterheltek, könnyíteni kell a munkájukat ...
|c Horváth Erika, Köbölkúti Varga József
|
| 300 |
|
|
|b Fotogr.
|
| 650 |
0 |
7 |
|a vyučovanie
|2 SNKPH
|9 1522
|
| 650 |
0 |
7 |
|a učebnice
|2 SNKPH
|9 74147
|
| 650 |
0 |
7 |
|a slovenčina
|2 SNKPH
|9 1350
|
| 655 |
|
7 |
|a rozhovory
|2 snkbucl
|9 31831
|
| 700 |
1 |
|
|a Köbölkúti Varga, József,
|d 1947-
|4 aut
|4 ive
|9 494830
|
| 773 |
0 |
|
|t Új szó
|g Roč. 57, č. 226 (30.9.2004)
|
| 773 |
0 |
|
|t [Príl.] Iskola utca
|g Roč. 2, č. 39 (30.9.2004), s. 14
|
| 850 |
|
|
|a Slovenská národná knižnica v Martine
|
| 852 |
|
|
|a SNK
|b KIS3GCP
|
| 958 |
|
|
|a HU
|
| 958 |
|
|
|a SK
|
| 999 |
|
|
|c 2139235
|d 2141165
|